000 01026nab a2200337 4500
003 BR-BrBNA
005 20250402160653.0
008 250402b bl.||||| |||| 00| 0 por d
040 _aBR-BrBNA
_bpor
072 _aF01 ; E50 ; E51 ; E11 ; E12 ; E40 ; E70
_b0316
100 _aAndrade, Lívia
245 _aPreservando comunidades
_bEspecial
500 _a3 illus.
650 _aBABAÇU
650 _aPALMEIRA OLEAGINOSA
650 _aAMÊNDOA
650 _aCOCO
650 _aCOLHEITA
650 _aMULHER RURAL
650 _aCOMUNIDADE RURAL
650 _aASSENTAMENTO
650 _aASSOCIAÇÃO RURAL
650 _aCOOPERATIVA
650 _aAGRICULTURA FAMILIAR
650 _aCOMERCIALIZAÇÃO
650 _aRENDA FAMILIAR
650 _aMARANHÃO
773 0 _01706
_9346304
_dSão Paulo-SP Editora Três Ltda - E-mail: luizfsa@revistadinheiro.com.br 2004
_o2024-6957
_tDinheiro Rural (Brazil)
_x1807-3700
_gv. 3(21) p. 40-41; (Jul 2006)
_wBR2025000463
942 _cANA
999 _c330816
_d330816